Formel 1 Rennsieger seit 2000 - Statistiken

Allgemein
  • Dieses Quiz wurde 528 mal gespielt
    105 seit der letzten Aktualisierung
  • Das Durchschnittsergebnis liegt bei 25 aus 31
Antwortstatistiken
Land Anzahl Siege Erster Sieg Letzter Sieg Name % Korrekt
Niederlande 71 2016 2025 Max Verstappen
99%
Großbritannien 105 2007 2024 Lewis Hamilton
98%
Deutschland 91 1992 2006 Michael Schumacher
97%
Deutschland 7 2001 2003 Ralf Schumacher
97%
Monaco 8 2019 2024 Charles Leclerc
96%
Deutschland 53 2008 2019 Sebastian Vettel
96%
Spanien 32 2003 2013 Fernando Alonso
95%
Großbritannien 11 2024 2025 Lando Norris
93%
Finnland 10 2017 2021 Valtteri Bottas
93%
Finnland 21 2003 2018 Kimi Räikkönen
91%
Deutschland 23 2012 2016 Nico Rosberg
91%
Mexiko 6 2020 2023 Sergio Perez
90%
Finnland 20 1997 2001 Mika Häkkinen
89%
Australien 9 2024 2025 Oscar Piastri
88%
Italien 2 2026 2026 Andrea Kimi Antonelli
87%
Australien 8 2014 2021 Daniel Ricciardo
85%
Großbritannien 15 2006 2012 Jenson Button
84%
Frankreich 1 2020 2020 Pierre Gasly
84%
Spanien 4 2022 2024 Carlos Sainz
81%
Frankreich 1 2021 2021 Esteban Ocon
80%
Brasilien 11 2006 2008 Felipe Massa
79%
Großbritannien 6 2022 2026 George Russell
79%
Polen 1 2008 2008 Robert Kubica
78%
Australien 9 2009 2012 Mark Webber
73%
Kolumbien 7 2001 2005 Juan Pablo Montoya
67%
Brasilien 11 2000 2009 Rubens Barrichello
67%
Venezuela 1 2012 2012 Pastor Maldonado
57%
Großbritannien 13 1995 2003 David Coulthard
54%
Italien 3 2003 2006 Giancarlo Fisichella
51%
Finnland 1 2008 2008 Heikki Kovalainen
51%
Italien 1 2004 2004 Jarno Trulli
49%
Keine übereinstimmenden Quizze gefunden
Verteilung der Resultate
Anzahl Personen mit jedem Resultat
Perzentil nach korrekt beantworteten Fragen
Ihre Resultats-Entwicklung
Sie haben dieses Quiz seit der letzten Aktualisierung nicht gespielt